Lyrics raten #48.3 - Statistics

General Stats
  • This quiz has been taken 5 times
  • The average score is 229 of 500
Answer Stats
Answer % Correct
bin
100%
bis
100%
da
100%
du
100%
du,
100%
Du
100%
Er
100%
es
100%
Es
100%
ich
100%
Ich
100%
ich,
100%
ist
100%
ist,
100%
ab?
80%
ab
80%
Aber
80%
bist
80%
den
80%
die
80%
Ein
80%
ein
80%
hab
80%
im
80%
lieb,
80%
mir,
80%
mir
80%
n
80%
sie
80%
Sie
80%
Und
80%
und
80%
war
80%
Was
80%
was?
80%
was
80%
wie
80%
wir
80%
an
60%
Auf
60%
auf
60%
das
60%
Das
60%
dein
60%
der
60%
dich
60%
dich,
60%
eine
60%
Geh
60%
hast,
60%
hast
60%
heut
60%
hier
60%
hier,
60%
ihr
60%
Ihr
60%
in
60%
Ja,
60%
kalt
60%
kommst
60%
mach
60%
mein
60%
mit,
60%
mit
60%
nach
60%
Nach
60%
Nacht
60%
ne
60%
Nur
60%
nur
60%
ob
60%
oben,
60%
oder
60%
sind
60%
so
60%
So
60%
Tag
60%
wer
60%
zu
60%
Alaska
40%
alle
40%
Alle
40%
als
40%
am
40%
auch
40%
bei
40%
Bitch
40%
brauchst
40%
Dann
40%
dann
40%
davon
40%
deine
40%
Deine
40%
deinem
40%
Denkst,
40%
dir
40%
doch
40%
Doch
40%
durch
40%
einen
40%
einmal
40%
euch
40%
Fragen
40%
für
40%
ganz
40%
ganzes
40%
Geht
40%
gibt
40%
Hängst
40%
hat
40%
Hurensohn
40%
irgend
40%
jeden
40%
jetzt
40%
kam
40%
kannst
40%
Kleine
40%
kommt
40%
Kopf
40%
lassen
40%
Leben,
40%
Leben
40%
macht
40%
mal
40%
man
40%
Mann
40%
meine?
40%
meinem
40%
nehm
40%
nicht
40%
sag
40%
schon?
40%
sehen
40%
sich
40%
stand
40%
Typ,
40%
viel
40%
viele
40%
Wann
40%
Weg
40%
Weisst
40%
weisst
40%
Wenn
40%
wenn
40%
wird
40%
Yeah,
40%
yeah
40%
zwei
40%
Aktion
20%
Alkoholexzesse
20%
allergrössten
20%
alte
20%
Alter
20%
Anwalt
20%
Armut
20%
Aufgeblähte
20%
aufgedunsen
20%
aus
20%
ausgeht
20%
Bastard
20%
bekommen?
20%
Berlin?
20%
Bisou
20%
Bitch-Tits
20%
Black,
20%
blamiert
20%
Blitzlicht,
20%
bloss
20%
Boden
20%
Bodensee
20%
Botoxfresse
20%
Bruder
20%
Bruder,
20%
bumsen?
20%
Bunker?
20%
Cent,
20%
Chablife?
20%
cool,
20%
C-Promi-Dreck
20%
damals?
20%
Damit
20%
Dasein,
20%
deinen
20%
derselbe
20%
Dicker
20%
diese
20%
diesem
20%
Dieser
20%
Diss,
20%
Dorfdisko
20%
drauf,
20%
Droh-SMSen,
20%
Dschungelcamp
20%
Electro-Ghetto-Tattoo
20%
Emory
20%
Emory,
20%
ernst
20%
erwähnt,
20%
euere
20%
eure
20%
Exorzist
20%
Fake
20%
Fameory
20%
ficke
20%
Finale,
20%
flennend
20%
Fresse
20%
Friends”
20%
Friends
20%
“Fuck
20%
ganzen
20%
gar
20%
Gay
20%
Gaymory,
20%
Gel
20%
gelogen
20%
genau
20%
genauso
20%
Gern
20%
gesagt
20%
geschehen,
20%
Geschichte
20%
geschnupft
20%
Gigs
20%
gleich,
20%
Glöckler
20%
GmbH
20%
Gründet
20%
Haar
20%
habt
20%
Hallaschka
20%
Hängt
20%
Harald
20%
Hautfarbe
20%
Herzen
20%
hiessen
20%
Hinrichtung
20%
hinterrücks
20%
Homoehe
20%
hörst
20%
hörte,
20%
Hotel,
20%
Junge,
20%
kamst
20%
Karriere
20%
kaschiert
20%
Kay,
20%
Kay!
20%
Kay
20%
Keinen
20%
keinen
20%
Kenneth,
20%
Kenneth
20%
Kenny
20%
Kids
20%
Kidz
20%
kindischen
20%
kleinen
20%
Kohle
20%
Kokain
20%
Koks
20%
Köln?
20%
kranker
20%
Ladyboy
20%
landest
20%
Lässt
20%
laufende
20%
lebt
20%
Ley
20%
lutschen
20%
Mädchen
20%
Mami
20%
Manager
20%
Modenschau
20%
Nebel
20%
nennt
20%
noch,
20%
Opfer
20%
patentiert,
20%
Promopresse
20%
Prost
20%
Quotenneger
20%
Ray-Ban
20%
regelt
20%
rennst
20%
Rich
20%
Royal
20%
RTL,
20%
scheiss
20%
Scheissfleck,
20%
scheitern
20%
schlage,
20%
schlief
20%
schmierig
20%
Schwanz
20%
Schwarzer
20%
seht
20%
seid
20%
seine
20%
seinem
20%
Sextourist
20%
Shakehands
20%
Shamory
20%
Shindy
20%
Sklaventreiber?
20%
Snitch
20%
sogar
20%
Sonny
20%
Statements
20%
stechen
20%
stehen,
20%
Stiefvater
20%
Telefon
20%
Thai-Boxer?
20%
Todestag
20%
Track
20%
überkrasser
20%
undankbar,
20%
Unterhemd
20%
Untermensch
20%
unterschiedlich,
20%
verdrehen
20%
vergewaltigt
20%
Verstehst
20%
Vertrag
20%
vollgekotzten
20%
vom
20%
von
20%
Wahrheit
20%
Wannabe-Black
20%
warst
20%
Wegen
20%
Weil
20%
weiter
20%
werd
20%
Wiederleg
20%
wissen:
20%
wohl
20%
Wusste
20%
zum
20%
zwar
20%
No matching quizzes found
Score Distribution
Percent of People with Each Score
Percentile by Number Answered
Your Score History
You have not taken this quiz